<?xml version="1.0" encoding="UTF-8"?>
<record
    xmlns:xsi="http://www.w3.org/2001/XMLSchema-instance"
    xsi:schemaLocation="http://www.loc.gov/MARC21/slim http://www.loc.gov/standards/marcxml/schema/MARC21slim.xsd"
    xmlns="http://www.loc.gov/MARC21/slim">

  <leader>04701cam a22005777i 4500</leader>
  <controlfield tag="001">22351466</controlfield>
  <controlfield tag="005">20260407103909.0</controlfield>
  <controlfield tag="008">211214s2020    nyua     bf   001 0 eng d</controlfield>
  <datafield tag="010" ind1=" " ind2=" ">
    <subfield code="a">  2021443008</subfield>
  </datafield>
  <datafield tag="020" ind1=" " ind2=" ">
    <subfield code="a">9781259644818</subfield>
    <subfield code="q">paperback</subfield>
  </datafield>
  <datafield tag="020" ind1=" " ind2=" ">
    <subfield code="a">9781260460834</subfield>
  </datafield>
  <datafield tag="020" ind1=" " ind2=" ">
    <subfield code="a">1259644812</subfield>
    <subfield code="q">paperback</subfield>
  </datafield>
  <datafield tag="035" ind1=" " ind2=" ">
    <subfield code="a">(OCoLC)on1048285524</subfield>
  </datafield>
  <datafield tag="040" ind1=" " ind2=" ">
    <subfield code="a">YDX</subfield>
    <subfield code="b">eng</subfield>
    <subfield code="c">YDX</subfield>
    <subfield code="e">rda</subfield>
    <subfield code="d">BDX</subfield>
    <subfield code="d">OCLCQ</subfield>
    <subfield code="d">WUM</subfield>
    <subfield code="d">OCLCO</subfield>
    <subfield code="d">PZS</subfield>
    <subfield code="d">YDXIT</subfield>
    <subfield code="d">OCLCO</subfield>
    <subfield code="d">OCLCF</subfield>
    <subfield code="d">CUX</subfield>
    <subfield code="d">OCLCO</subfield>
    <subfield code="d">USU</subfield>
    <subfield code="d">OCLCA</subfield>
    <subfield code="d">DLC</subfield>
  </datafield>
  <datafield tag="042" ind1=" " ind2=" ">
    <subfield code="a">lccopycat</subfield>
  </datafield>
  <datafield tag="050" ind1="0" ind2="0">
    <subfield code="a">RJ254</subfield>
    <subfield code="b">.G66 2020</subfield>
  </datafield>
  <datafield tag="060" ind1=" " ind2="4">
    <subfield code="a">WS 39</subfield>
    <subfield code="b">N438 2020</subfield>
  </datafield>
  <datafield tag="082" ind1="0" ind2="4">
    <subfield code="a">618.9201</subfield>
    <subfield code="b">GOM</subfield>
  </datafield>
  <datafield tag="245" ind1="0" ind2="0">
    <subfield code="a">Gomella's neonatology :</subfield>
    <subfield code="b">management, procedures, on-call problems, diseases, and drugs /</subfield>
    <subfield code="c">editor, Tricia Lacy Gomella ; senior associate editor, Fabien G. Eyal ; associate editor, Fayez Bany-Mohammed.</subfield>
  </datafield>
  <datafield tag="246" ind1="3" ind2="0">
    <subfield code="a">Neonatology :</subfield>
    <subfield code="b">management, procedures, on-call problems, diseases, and drugs</subfield>
  </datafield>
  <datafield tag="250" ind1=" " ind2=" ">
    <subfield code="a">Eighth editon</subfield>
  </datafield>
  <datafield tag="264" ind1=" " ind2="1">
    <subfield code="a">New York :</subfield>
    <subfield code="b">McGraw-Hill Education,</subfield>
    <subfield code="c">[2020]</subfield>
  </datafield>
  <datafield tag="300" ind1=" " ind2=" ">
    <subfield code="a">xxxii,1439 pages :</subfield>
    <subfield code="b">illustrations (some color) :</subfield>
    <subfield code="c">22 cm</subfield>
  </datafield>
  <datafield tag="336" ind1=" " ind2=" ">
    <subfield code="a">text</subfield>
    <subfield code="b">txt</subfield>
    <subfield code="2">rdacontent</subfield>
  </datafield>
  <datafield tag="337" ind1=" " ind2=" ">
    <subfield code="a">unmediated</subfield>
    <subfield code="b">n</subfield>
    <subfield code="2">rdamedia</subfield>
  </datafield>
  <datafield tag="338" ind1=" " ind2=" ">
    <subfield code="a">volume</subfield>
    <subfield code="b">nc</subfield>
    <subfield code="2">rdacarrier</subfield>
  </datafield>
  <datafield tag="500" ind1=" " ind2=" ">
    <subfield code="a">Revised edition of title previously published as: Neonatology : Management, procedures, on-call problems, diseases and drugs / editor, Tricia Lacy Gomella, MD ; associate editors, M. Douglas Cunningham, MD, Fabien G. Eyal, MD ; consulting editor, Deborah J. Tuttle, MD. 7th edition. [2013].</subfield>
  </datafield>
  <datafield tag="504" ind1=" " ind2=" ">
    <subfield code="a">Includes bibliographical references and index.</subfield>
  </datafield>
  <datafield tag="505" ind1="0" ind2=" ">
    <subfield code="a">Section I. Prenatal, labor, delivery, and transport management -- Section II. Basic management -- Section III. Advanced management -- Section IV. Procedures -- Section V. On-call problems -- Section VI. Diseases and disorders, general -- Section VII. Infectious diseases -- Section VIII. Neonatal pharmacology -- Appendices.</subfield>
  </datafield>
  <datafield tag="520" ind1=" " ind2=" ">
    <subfield code="a">"The field's most trusted and comprehensive guide to treating common and rare problems in newborns. A true essential for newly three decades, this streamlined reference provides logically organized, quickly retrievable information on basic and advanced management techniques for the neonate. Featuring a convenient outline approach that puts key information at readers' fingertips, this quick reference covers everything clinicians need to know about on-call neonatal problems, procedures, diseases and disorders, and pharmacology. This Eighth Edition reflects the latest developments in the field and has been updated with new content and six new chapters. All told, it is the most comprehensive drug formulary available in a neonatal handbook. This edition features new chapters on the golden hour ; genetic and genomic testing ; neonatal palliative care ; abdominal distension ; dengue fever ; and Zika virus.  It includes new sections on infectious diseases of the neonate and point-of-care ultrasound. It includes up-to-date information on medications used in the NICU and effects of the most commonly used medications on breast-feeding mothers. It includes full-color images of neonatal rashes and dermatologic problems. The "On Call" section presents 35 common and serious patient management issues with guidelines for rapid diagnosis and treatment. It includes cutting-edge strategies for management of specific respiratory syndromes. It includes valuable appendices, including abbreviations used in neonatology, blood pressure determinations, immunization tables, isolation guidelines, and more."--</subfield>
    <subfield code="c">taken from back cover.</subfield>
  </datafield>
  <datafield tag="650" ind1=" " ind2="0">
    <subfield code="a">Neonatology</subfield>
    <subfield code="v">Handbooks, manuals, etc.</subfield>
    <subfield code="9">126839</subfield>
  </datafield>
  <datafield tag="650" ind1=" " ind2="0">
    <subfield code="a">Newborn infants</subfield>
    <subfield code="x">Diseases.</subfield>
    <subfield code="9">126840</subfield>
  </datafield>
  <datafield tag="650" ind1=" " ind2="0">
    <subfield code="a">Neonatal intensive care</subfield>
    <subfield code="v">Handbooks, manuals, etc.</subfield>
    <subfield code="9">126841</subfield>
  </datafield>
  <datafield tag="650" ind1="1" ind2="2">
    <subfield code="a">Neonatology</subfield>
    <subfield code="x">methods.</subfield>
    <subfield code="9">126842</subfield>
  </datafield>
  <datafield tag="650" ind1="2" ind2="2">
    <subfield code="a">Infant Care</subfield>
    <subfield code="x">methods.</subfield>
    <subfield code="9">126843</subfield>
  </datafield>
  <datafield tag="650" ind1="2" ind2="2">
    <subfield code="a">Infant, Newborn, Diseases</subfield>
    <subfield code="x">therapy.</subfield>
    <subfield code="9">126844</subfield>
  </datafield>
  <datafield tag="650" ind1="2" ind2="2">
    <subfield code="a">Neonatology</subfield>
    <subfield code="x">trends.</subfield>
    <subfield code="9">126845</subfield>
  </datafield>
  <datafield tag="650" ind1=" " ind2="7">
    <subfield code="a">Neonatal intensive care.</subfield>
    <subfield code="2">fast</subfield>
    <subfield code="0">(OCoLC)fst01432069</subfield>
    <subfield code="9">126846</subfield>
  </datafield>
  <datafield tag="650" ind1=" " ind2="7">
    <subfield code="a">Neonatology.</subfield>
    <subfield code="2">fast</subfield>
    <subfield code="0">(OCoLC)fst01432070</subfield>
    <subfield code="9">126847</subfield>
  </datafield>
  <datafield tag="650" ind1=" " ind2="7">
    <subfield code="a">Newborn infants</subfield>
    <subfield code="x">Diseases.</subfield>
    <subfield code="2">fast</subfield>
    <subfield code="0">(OCoLC)fst01432010</subfield>
    <subfield code="9">126840</subfield>
  </datafield>
  <datafield tag="655" ind1=" " ind2="2">
    <subfield code="a">Handbook.</subfield>
    <subfield code="9">126701</subfield>
  </datafield>
  <datafield tag="655" ind1=" " ind2="7">
    <subfield code="a">Handbooks and manuals.</subfield>
    <subfield code="2">fast</subfield>
    <subfield code="0">(OCoLC)fst01423877</subfield>
    <subfield code="9">280</subfield>
  </datafield>
  <datafield tag="655" ind1=" " ind2="7">
    <subfield code="a">Handbooks and manuals.</subfield>
    <subfield code="2">lcgft</subfield>
    <subfield code="9">280</subfield>
  </datafield>
  <datafield tag="700" ind1="1" ind2=" ">
    <subfield code="a">Gomella, Tricia Lacy,</subfield>
    <subfield code="e">editor.</subfield>
    <subfield code="9">126848</subfield>
  </datafield>
  <datafield tag="700" ind1="1" ind2=" ">
    <subfield code="a">Eyal, Fabien G.</subfield>
    <subfield code="q">(Fabien Gabriel),</subfield>
    <subfield code="e">editor.</subfield>
    <subfield code="9">126849</subfield>
  </datafield>
  <datafield tag="700" ind1="1" ind2=" ">
    <subfield code="a">Bany-Mohammed, Fayez,</subfield>
    <subfield code="e">editor.</subfield>
    <subfield code="9">126850</subfield>
  </datafield>
  <datafield tag="906" ind1=" " ind2=" ">
    <subfield code="a">7</subfield>
    <subfield code="b">cbc</subfield>
    <subfield code="c">copycat</subfield>
    <subfield code="d">2</subfield>
    <subfield code="e">ncip</subfield>
    <subfield code="f">20</subfield>
    <subfield code="g">y-gencatlg</subfield>
  </datafield>
  <datafield tag="942" ind1=" " ind2=" ">
    <subfield code="2">ddc</subfield>
    <subfield code="c">BK</subfield>
  </datafield>
  <datafield tag="999" ind1=" " ind2=" ">
    <subfield code="c">612286</subfield>
    <subfield code="d">612286</subfield>
  </datafield>
  <datafield tag="952" ind1=" " ind2=" ">
    <subfield code="0">0</subfield>
    <subfield code="1">0</subfield>
    <subfield code="2">ddc</subfield>
    <subfield code="4">0</subfield>
    <subfield code="7">0</subfield>
    <subfield code="a">NSHS</subfield>
    <subfield code="b">NSHS</subfield>
    <subfield code="c">GEN</subfield>
    <subfield code="d">2024-10-08</subfield>
    <subfield code="e">Allied Book Company</subfield>
    <subfield code="g">16459.24</subfield>
    <subfield code="o">618.9201 GOM</subfield>
    <subfield code="p">NSHS-1927</subfield>
    <subfield code="r">2024-11-11</subfield>
    <subfield code="t">c.1</subfield>
    <subfield code="v">32918.48</subfield>
    <subfield code="w">2024-10-08</subfield>
    <subfield code="y">BK</subfield>
  </datafield>
  <datafield tag="952" ind1=" " ind2=" ">
    <subfield code="0">0</subfield>
    <subfield code="1">0</subfield>
    <subfield code="2">ddc</subfield>
    <subfield code="4">0</subfield>
    <subfield code="7">0</subfield>
    <subfield code="a">NSHS</subfield>
    <subfield code="b">NSHS</subfield>
    <subfield code="c">GEN</subfield>
    <subfield code="d">2024-10-08</subfield>
    <subfield code="e">Allied Book Company</subfield>
    <subfield code="g">16459.24</subfield>
    <subfield code="o">618.9201 GOM</subfield>
    <subfield code="p">NSHS-1928</subfield>
    <subfield code="r">2024-11-11</subfield>
    <subfield code="t">c.2</subfield>
    <subfield code="v">32918.48</subfield>
    <subfield code="w">2024-10-08</subfield>
    <subfield code="y">BK</subfield>
  </datafield>
  <datafield tag="952" ind1=" " ind2=" ">
    <subfield code="0">0</subfield>
    <subfield code="1">0</subfield>
    <subfield code="2">ddc</subfield>
    <subfield code="4">0</subfield>
    <subfield code="7">1</subfield>
    <subfield code="a">NSHS</subfield>
    <subfield code="b">NSHS</subfield>
    <subfield code="c">REF</subfield>
    <subfield code="d">2024-10-08</subfield>
    <subfield code="e">Allied Book Company</subfield>
    <subfield code="g">16459.24</subfield>
    <subfield code="o">R 618.9201 GOM</subfield>
    <subfield code="p">NSHS-1929</subfield>
    <subfield code="r">2024-11-11</subfield>
    <subfield code="t">c.3</subfield>
    <subfield code="v">32918.48</subfield>
    <subfield code="w">2024-10-08</subfield>
    <subfield code="y">BK</subfield>
  </datafield>
</record>
